Catálogo
 En Linea

Halifax : (Registro nro. 18663)

Detalles MARC
000 -CABECERA
campo de control de longitud fija 00535cam a2200169 a 4500
001 - NÚMERO DE CONTROL
campo de control 000019145
005 - FECHA Y HORA DE LA ÚLTIMA TRANSACCIÓN
campo de control 20200929165932.0
008 - DATOS DE LONGITUD FIJA--INFORMACIÓN GENERAL
campo de control de longitud fija 750115s1971 xxcaf b 001 0 eng
040 ## - FUENTE DE LA CATALOGACIÓN
Centro catalogador/agencia de origen DO-SdBNP
Lengua de catalogación spa
Centro/agencia transcriptor BNPHU
082 ## - NÚMERO DE LA CLASIFICACIÓN DECIMAL DEWEY
Número de clasificación xxx
Número de documento/Ítem R125h
100 1# - ENTRADA PRINCIPAL--NOMBRE DE PERSONA
Nombre de persona Raddall, Thomas Head,
Fechas asociadas al nombre 1903-
9 (RLIN) 41199
245 10 - MENCIÓN DE TÍTULO
Título Halifax :
Resto del título warden of the North /
Mención de responsabilidad, etc. Thomas H. Raddall.
260 ## - PUBLICACIÓN, DISTRIBUCIÓN, ETC.
Lugar de publicación, distribución, etc. Toronto :
Nombre del editor, distribuidor, etc. McClelland and Stewart,
Fecha de publicación, distribución, etc. 1971.
300 ## - DESCRIPCIÓN FÍSICA
Extensión xvi, 343 p. :
Otras características físicas il. ;
Dimensiones 23 cm.
504 ## - NOTA DE BIBLIOGRAFÍA, ETC.
Nota de bibliografía, etc. Bibliography: p. [334]-337.
910 ## - DATOS DE OPCIÓN DEL USUARIO (OCLC)
Datos de opción del usuario Catalogación derivada / LC
Existencias
Estado de retiro Estado de pérdida Restricciones de uso No para préstamo Código de colección Localización permanente Ubicación/localización actual Ubicación en estantería Fecha de adquisición Número de inventario Total de préstamos Signatura topográfica completa Código de barras Fecha visto por última vez Precio válido a partir de Tipo de ítem Koha
      Excluido de préstamo Monografías: Libros y Folletos General General En catalogación 27.05.2010 LF1   xxx R125h 19145-10 25.06.2020 25.06.2020 No se presta

Con tecnología Koha